Statistiques concernant Culture Générale - Série 788

Cliquez ici pour prendre le quiz!

Statistiques générales

  • Ce quiz a été pris 125 fois
  • Le résultat moyen est 6 sur 10

Statistiques - réponses

QuestionRéponse% Correct
Chiens à poil ras, à la robe blanche tâchetée de brun, nous étions 101 dans un film de Walt Disney. Qui sommes-nous ?Les dalmatiens
99%
Quel était le prénom de Freud, le père de la psychanalyse ?Sigmund
93%
De quel animal adulte la daine est-elle la femelle ?daim
91%
Aux échecs, quelle pièce se déplace en suivant le dessin d'un "L" ?cavalier
82%
Quelle était la durée, en jours, des congés payés institués par le Front populaire en 1936 ?15
81%
Quel bâtiment de guerre à rames et à voiles, en usage dans l'Antiquité, désigne familièrement une situation pénible ?galère
81%
Quel sorte d'alcool est le "rye" ?whisky
54%
Quel peintre signe “Le Mécanicien”, en 1920 ?Fernand Léger
8%
De quelle opérette la chanson “L'amour est un bouquet de violettes” est-elle extraite ?Violettes impériales
8%
Quel est le seul céphalopode à être muni d'une coquille externe ?nautile
7%

Distribution des résultats

Percentile par nombre de réponses

% des personnes avec chaque résultat

Votre développement - résultats

Vous n’avez pas pris ce quiz